Actas de la primera reunión plenaria del Instituto de Edafología y Agrobiología del Consejo Superior de Investigaciones Científicas. (Record no. 82824)

MARC details
000 -LEADER
campo de control de longitud fija 01052nam a2200229 i 4500
001 - NÚMERO DE CONTROL
campo de control 82824
003 - IDENTIFICADOR DE NÚMERO DE CONTROL
campo de control ES-MaACL
005 - FECHA Y HORA DE LA ÚLTIMA TRANSACCIÓN
campo de control 20250712081857.0
007 - CAMPO FIJO DE DESCRIPCIÓN FÍSICA--INFORMACIÓN GENERAL
campo de control de longitud fija t|
008 - DATOS DE LONGITUD FIJA--INFORMACIÓN GENERAL
campo de control de longitud fija 041112s1962 sp ||||1| spa d
080 ## - NÚMERO DE LA CLASIFICACIÓN DECIMAL UNIVERSAL
Número de la Clasificación Decimal Universal 631.4:061.31(460.187 S.)
110 2# - ENTRADA PRINCIPAL--NOMBRE DE ENTIDAD CORPORATIVA
Nombre de entidad corporativa o nombre de jurisdicción como elemento de entrada Instituto Nacional de Edafología y Agrobiología. Reunión (
Número del congreso/reunión o número de parte o sección 1ª.
Fecha del congreso o de la firma del tratado 1958.
Sede del congreso/Lugar de la reunión Salamanca)
9 (RLIN) 5150
245 10 - MENCIÓN DEL TÍTULO
Título Actas de la primera reunión plenaria del Instituto de Edafología y Agrobiología del Consejo Superior de Investigaciones Científicas.
260 ## - PUBLICACIÓN, DISTRIBUCIÓN, ETC.
Lugar de publicación, distribución, etc. Salamanca :
Nombre del editor, distribuidor, etc. [Secretariado de Publicaciones e Intercambio Científico de la Universidad de Salamanca],
Fecha de publicación, distribución, etc. 1962.
300 ## - DESCRIPCIÓN FÍSICA
Extensión 534 p. :
Otras características físicas 7 tab. pleg., 1 mapa pleg., il. ;
Dimensiones 24 cm.
490 1# - MENCIÓN DE SERIE
Mención de serie Acta Salmanticensia. Serie nueva de ciencias ;
Designación de volumen o secuencia 5
650 #4 - PUNTO DE ACCESO ADICIONAL DE MATERIA--TÉRMINO DE MATERIA
Término de materia o nombre geográfico como elemento de entrada Edafología-
Subdivisión de forma Congresos y asambleas.
9 (RLIN) 176359
710 2# - ENTRADA AGREGADA--NOMBRE DE ENTIDAD CORPORATIVA
Nombre de entidad corporativa o nombre de jurisdicción como elemento de entrada Universidad de Salamanca.
Unidad subordinada Secretariado de Publicaciones e Intercambio Científico.
9 (RLIN) 7289
830 10 - PUNTO DE ACCESO ADICIONAL DE SERIE-TÍTULO UNIFORME
Título uniforme Acta Salmanticensia
Designación de volumen o secuencia 5
9 (RLIN) 181394
852 4# - LOCALIZACIÓN
Ubicación ES-MaACL
Número de control de estantería C-30155
Holdings
Estatus retirado Estado de pérdida Estado de daño No para préstamo Biblioteca de origen Biblioteca actual Ubicación en estantería Fecha de adquisición Fuente de adquisición Total de préstamos Signatura topográfica completa Código de barras Visto por última vez Precio de reemplazo Tipo de ítem Koha
        Biblioteca del Ateneo de Madrid Biblioteca del Ateneo de Madrid Depósito 2 17/01/2008     C-30155 1086557 23/02/2023 23/02/2023 Libro impreso